000 00542nam a2200229Ia 4500
008 210210b2013 xxu||||| |||| 00| 0 eng d
020 _a9789332500334
041 _aeng
082 _a658.4 ROBO
100 _aROBBINS (Stephen P)
245 _aOrganizational behaviour Ed 15
250 _a
260 _aDelhi
_bPearson
_c2013
300 _axxxvi,672
650 _aOrganizational
650 _aEd
650 _abehaviour
650 _a15
690 _aOrganisational Behaviour
700 _aJUDGE (Timothy A)
906 _a069862
999 _c119405
_d119405